Bilecik Bilecik Bilecik Bilecik Bilecik

Pratik hukukta metod/ (Record no. 11367)

MARC details
000 -BAŞLIK
Sabit Uzunluktaki Kontrol Alanı 01013nam a22003617a 4500
001 - KONTROL NUMARASI
Control Dosyası 0011398
003 - KONTROL NUMARASI KİMLİĞİ
Kontrol Alanı KOHA_MİRAKIL
005 - EN SON İŞLEM TARİHİ ve ZAMANI
Kontrol Alanı 20260207001815.0
007 - FİZİKSEL TANIM SABİT ALAN - GENEL BİLGİ
Sabit uzunluklu kontrol alanı ta
008 - SABİT UZUNLUKTAKİ VERİ ÖGELERİ - GENEL BİLGİ
Sabit Alan 091209b1978 tu |||gr||||#||||0|tur |
020 ## - ISBN - ULUSLARARASI STANDART KİTAP NUMARASI
Kullanılabilirlik koşulları 0,01
040 ## - KATALOGLAMA KAYNAĞI
Özgün Kataloglama Kurumu TR-BiSEU
Kataloglama Dili tur
Çeviri Kurumu TR-BiSEU
Açıklama Kuralları rda
041 0# - DİL KODU
Metin ya da ses kaydının dil kodu tur
044 ## - YAYINLAYAN/ÜRETEN KURULUŞUN ÜLKE KODU
ISO country code tu
050 ## - SINIFLAMA ve YER NUMARASI
Sınıflama Numarası K230.2
Yer Numarası .H57 1978
100 1# - KİŞİ ADI
Yazar Adı (Kişi adı) Hirş, Ernest.
245 1# - ESER ADI BİLDİRİMİ
Başlık Pratik hukukta metod/
Sorumluluk Bildirimi Ernest Hirş ; Ernest Hirş; Volf Çernis.
250 ## - BASIM BİLDİRİMİ
Basım Bildirimi 3. bsk.
264 #1 - ÜRERİM, YAYIN, DAĞITIM ve TELİF BİLDİRİMİ
Yayın yeri Ankara :
Yayınlayan Ankara Üniversitesi
Yayın tarihi 1978
300 ## - FİZİKSEL TANIMLAMA
Sayfa, Cilt vb. viii, 189 sayfa; 25 cm.
336 ## - İÇERİK TÜRÜ
Content type term metin
Content type code txt
Source rdacontent
337 ## - MEDYA TÜRÜ
Media type term aracısız
Media type code n
Source rdamedia
338 ## - TAŞIYICI TÜRÜ
Carrier type term cilt
Carrier type code nc
Source rdacarrier
490 1# - DİZİ BİLDİRİMİ
Dizi Bildirimi Ankara Üniversitesi.
490 1# - DİZİ BİLDİRİMİ
Dizi Bildirimi Hukuk Fakültesi yayınları ;
Cilt Numarası no.
490 1# - DİZİ BİLDİRİMİ
Dizi Bildirimi 433.
650 #0 - KONU BAŞLIĞI EK GİRİŞ - KONU TERİMİ
Konusal terim veya coğrafi ad Law.
9 (RLIN) 9315
650 #0 - KONU BAŞLIĞI EK GİRİŞ - KONU TERİMİ
Konusal terim veya coğrafi ad Hukuk.
9 (RLIN) 3772
830 1# - SERİ EK GİRİŞİ - TEKBİÇİM ESER ADI
Tekbiçim Başlık Ankara Üniversitesi.
9 (RLIN) 6714
830 1# - SERİ EK GİRİŞİ - TEKBİÇİM ESER ADI
Tekbiçim Başlık Hukuk Fakültesi yayınları ;
Volume number/sequential designation no.
9 (RLIN) 12817
830 1# - SERİ EK GİRİŞİ - TEKBİÇİM ESER ADI
Tekbiçim Başlık 433.
9 (RLIN) 27765
942 ## - EK GİRİŞ ÖGELERİ (KOHA)
Source of classification or shelving scheme Library of Congress Classification
Koha item type Book
Holdings
Materyal Türü Kalıcı Konum Mevcut Konum Raf Yeri Sınıflandırma Kaynağı Edinim Bilgisi Ana Konular Alt Konular Yer Numarası Demirbaş Numarası Fatura Tarihi Geri Çekilme Durumu Kayıp Durumu Hasarlı Durumu Kredi için değil Kayıt Tarih Toplam Ödünçverme Son Görülme Tarihi Son Kontrol Tarihi Genel / Bağış Notu
Book Prof. Dr. Azmi Özcan Kütüphanesi Prof. Dr. Azmi Özcan Kütüphanesi Uluğbey Salonu Library of Congress Classification Bağış HUKUK Genel Hukuk, Karşılaştırmalı ve Tekdüze Hukuk, Hukuk İlmi K230.2 .H57 1978 0011398 13/08/2010         09/12/2009 1 05/12/2024 05/12/2024 Genel Bağış